| 000 | 01720cam a2200409 a 4500 | ||
|---|---|---|---|
| 999 |
_c28798 _d28769 |
||
| 001 | 12466115 | ||
| 003 | EG-ScBUE | ||
| 005 | 20200923114125.0 | ||
| 008 | 010711r20011977gw a f b 001 0 eng d | ||
| 020 | _a3540411585 (acid-free paper) | ||
| 020 | _a9783540411581 | ||
| 040 |
_aDLC _beng _erda _cDLC _dDLC _dEG-ScBUE |
||
| 082 | 0 | 4 |
_a512.2 _bLYN _222 |
| 100 | 1 |
_aLyndon, Roger C., _eauthor. |
|
| 245 | 1 | 0 |
_aCombinatorial group theory / _cRoger C. Lyndon, Paul E. Schupp. |
| 250 | _aReprint edition. | ||
| 264 | 1 |
_aBerlin : _bSpringer-Verlag, _c[2001] |
|
| 264 | 4 | _cc2001 | |
| 300 |
_axiv, 339 pages : _billustrations ; _c24 cm. |
||
| 336 |
_2rdacontent _atext _btxt |
||
| 337 |
_2rdamedia _aunmediated _bn |
||
| 338 |
_2rdacarrier _avolume _bnc |
||
| 490 | 0 | _aClassics in mathematics | |
| 500 | _a"Reprint of the 1977 edition." | ||
| 500 | _a"Originally published as Vol. 89 of the Ergibnisse der Mathematik und ihrer Grenzgebiete"--T.p. verso. | ||
| 504 | _aIncludes bibliographical references and index. | ||
| 650 | 7 |
_aCombinatorial group theory. _2BUEsh |
|
| 653 |
_bGGEN _cSeptember2020 |
||
| 655 |
_vReading book _934232 |
||
| 700 | 1 |
_aSchupp, Paul E., _d1937- _eauthor. |
|
| 856 | 4 | 2 |
_3Contributor biographical information _uhttp://www.loc.gov/catdir/enhancements/fy0816/2001271664-b.html |
| 856 | 4 | 2 |
_3Publisher description _uhttp://www.loc.gov/catdir/enhancements/fy0816/2001271664-d.html |
| 856 | 4 | 1 |
_3Table of contents only _uhttp://www.loc.gov/catdir/enhancements/fy0816/2001271664-t.html |
| 906 |
_a7 _bcbc _corigcop _d2 _encip _f20 _gy-gencatlg |
||
| 942 |
_2ddc _cBB |
||